Normal view
MARC view
Entry Topical Term
001 - CONTROL NUMBER
- control field: 22011
003 - CONTROL NUMBER IDENTIFIER
- control field: OSt
005 - DATE AND TIME OF LATEST TRANSACTION
- control field: 20211105134622.0
008 - FIXED-LENGTH DATA ELEMENTS
- fixed length control field: 211105|| aca||aabn | a|a d
040 ## - CATALOGING SOURCE
- Original cataloging agency: OSt
- Transcribing agency: OSt
150 ## - HEADING--TOPICAL TERM
- Topical term or geographic name entry element: Asterioseismology
670 ## - SOURCE DATA FOUND
- Source citation: Work cat.: (OSt): Symposium of the International Astronomical Union Japan 1997 Aug. 18-22 22010, New eyes to see inside the sun and the stars- pushing the limits of helio and asteroseismology with new observations fromground and from space, 1998